Amor cristiano y lucha de clases

Guardat en:
Dades bibliogràfiques
Autor principal: Girardi, Julius (Autor)
Format: Llibre
Idioma:espanyol
Publicat: Salamanca Sígueme 1975
Edició:2a. ed
Col·lecció:Séptimo Sello, 9
Matèries:
Etiquetes: Afegir etiqueta
Sense etiquetes, Sigues el primer a etiquetar aquest registre!

MARC

LEADER 00000nam a2200000 a 4500
001 UCL4089
003 CL-VaPUC
008 031231e19750000SP |||||||||||||||||spa|d
020 |a 8430100040 
082 0 4 |a 261.8  |b GIR  |2 21 
100 |a Girardi, Julius  |e author  |9 503758 
245 1 0 |a Amor cristiano y lucha de clases 
250 |a 2a. ed 
300 |a 150 p 
942 |c BK 
945 |d 20031231 00:00:00  |a rbrito 
260 |a Salamanca  |b Sígueme  |c 1975 
650 0 |a Cristianismo  |9 257361 
650 0 |a Amor  |9 257817 
650 0 |a Pobreza  |9 258652 
650 0 |a Problemas sociales  |9 258537 
650 0 |a Clases sociales  |9 256858 
583 |a last modification  |c 20031231 00:00:00  |k Rodrigo Vera 
490 0 |a Séptimo Sello, 9 
999 |c 307034  |d 307032 
952 |0 0  |1 0  |4 0  |6 261_800000000000000_GIR_1975  |7 0  |8 A  |9 372504  |a BIBTEO  |b BIBTEO  |d 2019-11-21  |i 2086352  |o 261.8 GIR 1975  |p 2086352  |r 2025-01-17  |w 2019-11-21  |y BK  |k ICR